Myhijau directory 2013/ 2014.
| Format: | Book |
|---|---|
| Published: |
Bandar Baru Bangi, Selangor:
Malaysia Green Technology Corporation,
2013.
|
| Edition: | 2013/ 2014 ed.. |
| Subjects: |
| LEADER | 00543cam a2200157 7i4500 | ||
|---|---|---|---|
| 001 | 0000031845 | ||
| 005 | 20141119090000.0 | ||
| 020 | 0 | 0 | |a 9772289494009 |
| 090 | 0 | 0 | |a M 638.025 |b MYH |
| 245 | 0 | 0 | |a Myhijau directory 2013/ 2014. |
| 250 | 0 | 0 | |a 2013/ 2014 ed.. |
| 260 | 0 | 0 | |a Bandar Baru Bangi, Selangor: |b Malaysia Green Technology Corporation, |c 2013. |
| 300 | # | # | |a 171 p. |
| 650 | 0 | 0 | |a Green technology -- |x Directories -- |z Malaysia |
| 650 | 0 | 0 | |a Green products -- |x Directories -- |z Malaysia |
| 999 | |a 0000034785 |b Directories |c Malaysia |e Business Information Centre | ||


